Loading...
| History - World | 0 | 6 | 1 | 1 | 55 | 40 | 84.67 | 1 | 4 | 0.00 | 0.00 |
| History - Other | 0 | 5 | 0 | 0 | 50 | 80 | 96.80 | 0 | 2 | 0.00 | 0.00 |
| Philosophy | 0 | 4 | 0 | 0 | 40 | 101 | 113.50 | 0 | 1 | 0.00 | 0.00 |
| Science - Biology | 0 | 4 | 1 | 0 | 35 | 57 | 92.75 | 1 | 4 | 0.00 | 0.00 |
| History - European | 0 | 4 | 1 | 0 | 35 | 49 | 73.25 | 0 | 0 | 0.00 | 0.00 |
| Religion | 0 | 2 | 0 | 0 | 20 | 76 | 94.50 | 0 | 1 | 0.00 | 0.00 |
| Literature - American | 0 | 2 | 0 | 1 | 20 | 138 | 139.50 | 0 | 0 | 0.00 | 0.00 |
| Literature - European | 0 | 2 | 0 | 0 | 20 | 108 | 113.00 | 0 | 0 | 0.00 | 0.00 |
| Science - Other | 0 | 1 | 0 | 0 | 10 | 89 | 89.00 | 0 | 0 | 0.00 | 0.00 |
| Fine Arts - Other | 0 | 1 | 0 | 0 | 10 | 89 | 89.00 | 0 | 0 | 0.00 | 0.00 |
| Literature - British | 0 | 1 | 0 | 1 | 10 | 136 | 136.00 | 0 | 0 | 0.00 | 0.00 |
| Literature - World | 0 | 1 | 0 | 0 | 10 | 105 | 105.00 | 0 | 0 | 0.00 | 0.00 |
| Mythology | 0 | 1 | 1 | 0 | 5 | 109 | 109.00 | 0 | 0 | 0.00 | 0.00 |
| Fine Arts - Classical Music | 0 | 0 | 0 | 0 | 0 | 0.00 | 0 | 0 | 0.00 | 0.00 |